[Event "Tata Steel IND Blitz Open"]
[Site "Kolkata IND"]
[Date "2023.09.08"]
[Round "1.1"]
[White "Grischuk, Alexander"]
[Black "Vachier-Lagrave, Maxime"]
[Result "1-0"]
[WhiteTitle "GM"]
[BlackTitle "GM"]
[WhiteElo "2732"]
[BlackElo "2727"]
[WhiteFideId "4126025"]
[BlackFideId "623539"]
[EventDate "2023.09.08"]

1. d4 d5 2. c4 e6 3. Nc3 Nf6 4. cxd5 exd5 5. Bg5 c6 6. e3 h6 7. Bh4 Be7 8. Bd3
O-O 9. Nge2 Ne8 10. Bg3 Nd6 11. O-O Re8 12. Rc1 Bf8 13. Bf4 Nd7 14. f3 Nf6 15.
Ng3 Be6 16. Kh1 g5 17. Be5 Nc4 18. Bxc4 dxc4 19. f4 Bg7 20. fxg5 Ng4 21. Bxg7
Kxg7 22. gxh6+ Kh8 23. Qf3 Qh4 24. h3 Qxh6 25. Rce1 Qh4 26. e4 Rg8 27. Qf4 Rg6
28. d5 Rf6 29. Nf5 Bxf5 30. exf5 Rg8 31. Kg1 Rh6 32. Re4 cxd5 33. Nxd5 Qd8 34.
hxg4 1-0

[Event "Tata Steel IND Blitz Open"]
[Site "Kolkata IND"]
[Date "2023.09.08"]
[Round "1.2"]
[White "Vidit, Santosh Gujrathi"]
[Black "Harikrishna, Pentala"]
[Result "1/2-1/2"]
[WhiteTitle "GM"]
[BlackTitle "GM"]
[WhiteElo "2716"]
[BlackElo "2711"]
[WhiteFideId "5029465"]
[BlackFideId "5007003"]
[EventDate "2023.09.08"]

1. e4 e5 2. Nf3 Nc6 3. Bb5 Nf6 4. d3 Bc5 5. Ba4 Nd4 6. Nxd4 Bxd4 7. c3 Bb6 8.
Na3 O-O 9. Bg5 d5 10. Qe2 dxe4 11. dxe4 h6 12. Bh4 Be6 13. Bb3 Qe7 14. Bxe6 Qxe6
15. Nc4 Rad8 16. O-O Rd7 17. Bg3 Rfd8 18. Bxe5 Rd3 19. Bxf6 Qxf6 20. Rac1 Bc5
21. Rc2 Qe6 22. b3 Qf6 23. e5 Qf5 24. Rd2 Rxd2 25. Nxd2 Qc2 26. Qc4 Rxd2 27.
Qxc5 Qxa2 28. Qb5 Kh7 29. Qxb7 Qc2 30. c4 Rd1 31. g3 a5 32. Rxd1 Qxd1+ 33. Kg2
Qb1 34. Qxc7 Qe4+ 35. Kf1 Qd3+ 36. Kg1 Qb1+ 37. Kg2 Qe4+ 38. Kf1 Qd3+ 39. Ke1
Qxb3 40. Qxf7 Qc3+ 41. Kd1 Qxe5 42. Kc2 Qe4+ 43. Kb2 Qe2+ 44. Ka3 Qe5 45. Qd5
Qc3+ 46. Ka2 Qc2+ 47. Ka3 Qc3+ 48. Ka2 Qc2+ 49. Ka3 Qc3+ 1/2-1/2

[Event "Tata Steel IND Blitz Open"]
[Site "Kolkata IND"]
[Date "2023.09.08"]
[Round "1.3"]
[White "Gukesh, D"]
[Black "Abdusattorov, Nodirbek"]
[Result "1-0"]
[WhiteTitle "GM"]
[BlackTitle "GM"]
[WhiteElo "2758"]
[BlackElo "2716"]
[WhiteFideId "46616543"]
[BlackFideId "14204118"]
[EventDate "2023.09.08"]

1. d4 d5 2. c4 c6 3. Nf3 Nf6 4. Nc3 e6 5. Bg5 h6 6. Bxf6 Qxf6 7. e3 g6 8. Bd3
Bg7 9. cxd5 exd5 10. h3 O-O 11. O-O Qe7 12. Rb1 Nd7 13. Qc2 a5 14. a3 Rd8 15.
Rfe1 Nf6 16. b4 Be6 17. Na4 axb4 18. axb4 Ne8 19. Nc5 Nd6 20. b5 cxb5 21. Bxb5
Rdc8 22. Qb3 b6 23. Nxe6 Qxe6 24. Rec1 Ne4 25. Bd3 Rxc1+ 26. Rxc1 Bf8 27. Bxe4
Qxe4 28. Qxb6 Qf5 29. Qb1 Qf6 30. Qb3 Qf5 31. Qc2 Ra1 32. Qb2 Rxc1+ 33. Qxc1 Bd6
34. Qd1 g5 35. Ne1 Kg7 36. Qf3 Qb1 37. Kf1 Bb4 38. Qe2 h5 39. f3 g4 40. fxg4 h4
41. Kf2 Bd6 42. Nd3 Bg3+ 43. Kf3 f6 44. e4 dxe4+ 45. Kxe4 Kg6 46. Kf3 Kf7 47. d5
Qb3 48. Qe6+ Kg7 49. Qe7+ Kg6 50. Qe4+ Kg7 51. g5 fxg5 52. Kg4 Qd1+ 53. Kxg5
Qd2+ 54. Kh5 Kf8 55. Kg6 Qc2 56. Qf5+ Ke8 57. Ne5 Qxg2 58. Qd7+ 1-0

[Event "Tata Steel IND Blitz Open"]
[Site "Kolkata IND"]
[Date "2023.09.08"]
[Round "1.5"]
[White "Radjabov, Teimour"]
[Black "Praggnanandhaa, R"]
[Result "0-1"]
[WhiteTitle "GM"]
[BlackTitle "GM"]
[WhiteElo "2745"]
[BlackElo "2727"]
[WhiteFideId "13400924"]
[BlackFideId "25059530"]
[EventDate "2023.09.08"]

1. d4 Nf6 2. c4 e6 3. Nf3 Bb4+ 4. Bd2 Qe7 5. g3 Bxd2+ 6. Qxd2 Nc6 7. Bg2 Ne4 8.
Qc2 Qb4+ 9. Kf1 d5 10. b3 O-O 11. a3 Qe7 12. Nc3 Nxc3 13. Qxc3 Re8 14. e3 dxc4
15. bxc4 e5 16. d5 Nb8 17. h3 Nd7 18. Kg1 Nc5 19. Kh2 e4 20. Nd4 Bd7 21. Rhd1
Qf6 22. Rd2 h5 23. Ne2 Qxc3 24. Nxc3 Nb3 25. Rad1 Nxd2 26. Rxd2 f5 27. c5 c6 28.
Bf1 cxd5 29. Nxd5 Red8 30. Nf4 Be8 31. Rb2 Rab8 32. g4 hxg4 33. hxg4 fxg4 34.
Be2 Bd7 35. Kg3 Kf7 36. Rb4 Bc6 37. Bxg4 Kf6 38. Rb2 g5 39. Ne2 Rd1 40. Kg2 Rd5
41. Rc2 Rd3 42. Nd4 Rxa3 43. Rb2 Rd8 44. Be2 Rc3 45. Ra2 a6 46. Bxa6 Rxc5 47.
Be2 Rc3 48. Rb2 Ra8 49. Rb6 Ke5 50. Rb2 Ra1 51. Nb3 Re1 52. Nd4 Rcc1 53. Kg3
Rg1+ 54. Kh3 Rh1+ 55. Kg4 Rcg1# 0-1

[Event "Tata Steel IND Blitz Open"]
[Site "Kolkata IND"]
[Date "2023.09.08"]
[Round "2.1"]
[White "Keymer, Vincent"]
[Black "Radjabov, Teimour"]
[Result "1-0"]
[WhiteTitle "GM"]
[BlackTitle "GM"]
[WhiteElo "2717"]
[BlackElo "2745"]
[WhiteFideId "12940690"]
[BlackFideId "13400924"]
[EventDate "2023.09.08"]

1. c4 Nf6 2. Nf3 e6 3. b3 d5 4. Bb2 c5 5. cxd5 exd5 6. g3 Nc6 7. Bg2 d4 8. O-O
Be7 9. Na3 O-O 10. Nc4 Be6 11. e3 Bd5 12. exd4 cxd4 13. Re1 Re8 14. Nce5 Bc5 15.
Rc1 Bb6 16. Nxc6 Bxc6 17. Rxe8+ Qxe8 18. Qe1 Qd8 19. Qe5 d3 20. Nd4 Bxg2 21.
Kxg2 Qd5+ 22. Qxd5 Nxd5 23. Nf3 f6 24. Ne1 Rd8 25. Rc4 Kf7 26. Kf1 Ba5 27. Nf3
g5 28. a3 h5 29. b4 Bb6 30. Ne1 Ne7 31. Rc3 Ke6 32. Rxd3 Rc8 33. Rc3 Rd8 34. Rc2
Nf5 35. h3 h4 36. g4 Ne7 37. d3 Ng6 38. Bc1 Kf7 39. Re2 a6 40. Be3 Bc7 41. Rc2
Bb8 42. Ke2 Re8 43. Kf1 Rd8 44. d4 Ne7 45. Ke2 Nd5 46. Kf3 Bd6 47. Nd3 b6 48.
Nb2 Ke6 49. Nd3 Re8 50. Ke4 Ne7 51. f4 gxf4 52. Bxf4 Nd5 53. Kf3 Kd7 54. Rf2 Rc8
55. Bxd6 Kxd6 56. Ke4 Re8+ 57. Kf5 Re3 58. Nf4 Nxf4 59. Rxf4 Rxh3 60. Kxf6 Rg3
61. g5 h3 62. g6 h2 63. Rh4 Rf3+ 64. Kg7 Rf2 65. Kh7 Rg2 66. g7 1-0

[Event "Tata Steel IND Blitz Open"]
[Site "Kolkata IND"]
[Date "2023.09.08"]
[Round "2.2"]
[White "Vachier-Lagrave, Maxime"]
[Black "Praggnanandhaa, R"]
[Result "0-1"]
[WhiteTitle "GM"]
[BlackTitle "GM"]
[WhiteElo "2727"]
[BlackElo "2727"]
[WhiteFideId "623539"]
[BlackFideId "25059530"]
[EventDate "2023.09.08"]

1. d4 Nf6 2. c4 e6 3. g3 Bb4+ 4. Bd2 Qe7 5. Bg2 Nc6 6. Nf3 Bxd2+ 7. Nbxd2 d6 8.
O-O O-O 9. e3 e5 10. Qc2 Re8 11. d5 Nb8 12. e4 a5 13. Ne1 Na6 14. Nd3 Nd7 15.
Rae1 Ndc5 16. Nxc5 Nxc5 17. f4 Bd7 18. Qc3 b5 19. b3 b4 20. Qe3 a4 21. f5 f6 22.
g4 axb3 23. axb3 Ra2 24. Ra1 Rea8 25. Rxa2 Rxa2 26. h4 Be8 27. Bf3 Rc2 28. Ra1
Qd8 29. Bd1 Rc3 30. Qf2 Qb8 31. Kf1 Kf8 32. g5 Qd8 33. Qg2 Nd3 34. Be2 Nf4 35.
Qg1 Rc2 36. Ke1 Rc3 37. Kd1 Rh3 38. gxf6 Qxf6 39. Nf3 Nxe2 40. Kxe2 Bh5 41. Ra8+
Kf7 42. Ra7 Bxf3+ 43. Kd2 Qh6+ 44. Qg5 Qxg5+ 45. hxg5 Bxe4 46. c5 Ke8 47. Rxc7
dxc5 0-1

[Event "Tata Steel IND Blitz Open"]
[Site "Kolkata IND"]
[Date "2023.09.08"]
[Round "2.4"]
[White "Harikrishna, Pentala"]
[Black "Gukesh, D"]
[Result "1-0"]
[WhiteTitle "GM"]
[BlackTitle "GM"]
[WhiteElo "2711"]
[BlackElo "2758"]
[WhiteFideId "5007003"]
[BlackFideId "46616543"]
[EventDate "2023.09.08"]

1. d4 Nf6 2. Nf3 e6 3. e3 b6 4. Bd3 Bb7 5. O-O c5 6. c4 d5 7. cxd5 exd5 8. b3
Nbd7 9. Bb2 Bd6 10. Nc3 O-O 11. Rc1 Re8 12. Ne2 a6 13. Ng3 g6 14. Rc2 Bf8 15.
Qa1 Bg7 16. Rd1 Rc8 17. a4 h5 18. Rdc1 Ne4 19. Bf1 h4 20. Nxe4 dxe4 21. Nd2 Qg5
22. a5 b5 23. dxc5 Bxb2 24. Qxb2 Nxc5 25. Qa3 Ne6 26. Rxc8 Rxc8 27. Rxc8+ Bxc8
28. Nxe4 Qe5 29. Qe7 Qxe4 30. Qe8+ Kg7 31. Qxc8 h3 32. Qxa6 hxg2 33. Bxg2 Qb1+
34. Bf1 Ng5 35. Qxb5 Nf3+ 36. Kh1 Nd2 37. Qd3 Qc1 1-0

[Event "Tata Steel IND Blitz Open"]
[Site "Kolkata IND"]
[Date "2023.09.08"]
[Round "2.5"]
[White "Grischuk, Alexander"]
[Black "Vidit, Santosh Gujrathi"]
[Result "1/2-1/2"]
[WhiteTitle "GM"]
[BlackTitle "GM"]
[WhiteElo "2732"]
[BlackElo "2716"]
[WhiteFideId "4126025"]
[BlackFideId "5029465"]
[EventDate "2023.09.08"]

1. d4 d5 2. c4 c6 3. Nf3 Nf6 4. e3 e6 5. Nbd2 Nbd7 6. b3 b6 7. Bb2 Bb7 8. Bd3
Be7 9. O-O O-O 10. Qe2 c5 11. Rfd1 Rc8 12. Rac1 dxc4 13. Nxc4 Bxf3 14. Qxf3 cxd4
15. Bxd4 b5 16. Nb2 Qa5 17. Rxc8 Rxc8 18. Qb7 Rc7 19. Qxb5 Qxb5 20. Bxb5 e5 21.
Bxa7 Rxa7 22. a4 Nc5 23. Nc4 Nxb3 24. Nxe5 Na5 25. g3 g6 26. Nd7 Ne4 27. Nb6 Nc3
28. Nc8 Rc7 29. Nxe7+ Rxe7 30. Rd8+ Kg7 31. Ra8 Nb3 32. Bf1 Re5 33. Ra7 Ra5 34.
Rc7 Nd5 35. Rb7 Nc5 36. Rb5 Rxb5 37. axb5 f5 38. Kg2 Kf6 39. h3 Ne4 40. Bc4 Nb6
41. Bg8 h6 42. g4 Nd6 43. gxf5 gxf5 44. f4 Nxb5 45. Kf3 Nc3 46. Bb3 Nd7 47. Bc4
Nc5 48. Bg8 N5e4 49. Kg2 Nd1 50. Kf3 Ndf2 51. h4 Ng4 52. Bd5 Nc3 53. Bc6 Nh2+
54. Kg2 Ng4 55. Kf3 Nb1 56. e4 Nd2+ 57. Kg3 Ne3 58. exf5 Nxf5+ 59. Kg4 Nc4 60.
Bd7 Ng7 61. Bc8 Ne3+ 62. Kf3 Nef5 63. Kg4 Nd6 64. Ba6 Ne4 65. Kf3 Nc5 66. Bc8
Nf5 67. Kg4 Ng7 68. Kf3 Nb3 69. Kg4 Nd4 70. Ba6 Kf7 71. Bc4+ Ke7 72. Ba6 Ndf5
73. Bc8 Kf6 74. Ba6 Nd6 75. Bd3 Ne6 76. Ba6 Nf5 77. Bc8 Ne3+ 78. Kh5 Nxf4+ 79.
Kxh6 Neg2 80. Kh7 Nxh4 81. Bf5 Nf3 82. Kg8 Ng5 83. Kf8 Nd5 84. Ke8 Nf7 85. Kd7
Ne5+ 86. Kd6 Ne7 87. Be6 N5g6 88. Kc5 Ke5 89. Kc4 Nf4 90. Kc5 Neg6 91. Bd5 Nh4
92. Be4 Ne6+ 93. Kc4 Ng5 94. Kc5 Nh3 95. Kc4 Nf4 96. Kc5 Kxe4 97. Kc4 Nf5 98.
Kc5 Nd5 99. Kc4 Nd4 100. Kc5 Ke5 101. Kc4 Ne6 102. Kd3 Ndf4+ 103. Ke3 Nd4 104.
Kd2 Ke4 105. Kc3 Kd5 106. Kd2 Nf5 107. Kc3 Kc5 108. Kd2 Kc4 109. Kc2 Ne3+ 110.
Kd2 Ned5 111. Kc2 Kd4 112. Kd2 Ne3 113. Ke1 Kd3 114. Kf2 Ke4 115. Ke1 Nc4 116.
Kf2 Nd2 117. Ke1 Ke3 118. Kd1 Kd3 119. Ke1 Ne4 120. Kd1 Ng2 121. Kc1 Kc3 122.
Kd1 Ng3 123. Kc1 Ne3 124. Kb1 Ne4 125. Kc1 Nc5 126. Kb1 Nb3 127. Ka2 Nc4 128.
Kb1 Nbd2+ 129. Kc1 Kd3 130. Kd1 Nf3 131. Kc1 Nd4 132. Kd1 Nc2 133. Kc1 Na5 134.
Kd1 Nd4 135. Ke1 Nab3 136. Kf2 Ke4 137. Kg3 Nd2 138. Kg4 N2f3 139. Kg3 Ne5 140.
Kf2 Kf4 141. Ke1 Ke3 142. Kd1 Kd3 143. Ke1 Ng4 144. Kd1 Nf2+ 145. Ke1 Ke3 146.
Kf1 Nf5 147. Ke1 Nh4 148. Kf1 Nd1 149. Ke1 Nc3 150. Kf1 Ng6 151. Ke1 Nf4 152.
Kf1 Nd3 153. Kg2 Kf4 154. Kf1 Kf3 155. Kg1 Ne2+ 156. Kf1 Ng3+ 157. Kg1 Nf4 158.
Kh2 Nf1+ 159. Kg1 Ne3 160. Kh2 Kf2 161. Kh1 Nh3 162. Kh2 Ng1 163. Kh1 Nd5 164.
Kh2 Nf4 165. Kh1 Nfe2 166. Kh2 Nd4 167. Kh1 Nh3 168. Kh2 Nf4 169. Kh1 Nde2 170.
Kh2 Ng1 171. Kh1 Ngh3 172. Kh2 Kf3 173. Kh1 1/2-1/2

[Event "Tata Steel IND Blitz Open"]
[Site "Kolkata IND"]
[Date "2023.09.08"]
[Round "3.1"]
[White "Gukesh, D"]
[Black "Grischuk, Alexander"]
[Result "0-1"]
[WhiteTitle "GM"]
[BlackTitle "GM"]
[WhiteElo "2758"]
[BlackElo "2732"]
[WhiteFideId "46616543"]
[BlackFideId "4126025"]
[EventDate "2023.09.08"]

1. e4 e5 2. Nf3 Nc6 3. Bb5 Nf6 4. d3 Bc5 5. Bxc6 dxc6 6. Nbd2 Be6 7. O-O Nd7 8.
Nb3 Bb6 9. Ng5 Bxb3 10. axb3 Qe7 11. Nf3 Nf8 12. Nd2 Ne6 13. Nc4 f6 14. Bd2 a6
15. b4 O-O-O 16. Kh1 g5 17. Be3 Qxb4 18. Bxb6 cxb6 19. Qf3 Rhf8 20. Qf5 Qe7 21.
Qh3 b5 22. Ne3 Kb8 23. Qf3 Nd4 24. Qd1 Qf7 25. Qd2 h5 26. Rad1 g4 27. c3 Ne6 28.
Nf5 Ng7 29. Nxg7 Qxg7 30. d4 f5 31. exf5 Rxf5 32. Qc2 Qf6 33. dxe5 Rxe5 34.
Rxd8+ Qxd8 35. Qc1 Re2 36. Qf4+ Ka7 37. b4 Qd2 38. Qf6 Re1 0-1

[Event "Tata Steel IND Blitz Open"]
[Site "Kolkata IND"]
[Date "2023.09.08"]
[Round "3.3"]
[White "Vidit, Santosh Gujrathi"]
[Black "Vachier-Lagrave, Maxime"]
[Result "1-0"]
[WhiteTitle "GM"]
[BlackTitle "GM"]
[WhiteElo "2716"]
[BlackElo "2727"]
[WhiteFideId "5029465"]
[BlackFideId "623539"]
[EventDate "2023.09.08"]

1. e4 c5 2. Nf3 Nc6 3. Bb5 g6 4. O-O Bg7 5. Bxc6 bxc6 6. Re1 e5 7. c3 Ne7 8. d4
cxd4 9. cxd4 exd4 10. Nxd4 O-O 11. Nc3 d6 12. Bg5 Bb7 13. Qd2 Re8 14. Rad1 Qb6
15. Nb3 Rad8 16. Qf4 c5 17. Bf6 Bxf6 18. Qxf6 d5 19. Qh4 c4 20. exd5 cxb3 21.
Rxe7 bxa2 22. Rxe8+ Rxe8 23. Qa4 Re5 24. Qxa2 h5 25. h3 h4 26. Qb1 Qd6 27. Qd3
Rf5 28. Qd4 Rf4 29. Qxa7 Rb4 30. Rd2 Qf4 31. Qe3 Qxe3 32. fxe3 Kf8 33. e4 f6 34.
d6 Ke8 35. Rf2 f5 36. e5 Kd7 37. Rd2 Bc6 38. Nd5 Rb7 39. Nf4 g5 40. e6+ Kd8 41.
Nh5 1-0

[Event "Tata Steel IND Blitz Open"]
[Site "Kolkata IND"]
[Date "2023.09.08"]
[Round "3.4"]
[White "Radjabov, Teimour"]
[Black "Abdusattorov, Nodirbek"]
[Result "0-1"]
[WhiteTitle "GM"]
[BlackTitle "GM"]
[WhiteElo "2745"]
[BlackElo "2716"]
[WhiteFideId "13400924"]
[BlackFideId "14204118"]
[EventDate "2023.09.08"]

1. d4 Nf6 2. c4 e6 3. Nf3 d5 4. Nc3 c6 5. Bg5 Be7 6. e3 h6 7. Bh4 Nbd7 8. Bd3
O-O 9. Rc1 dxc4 10. Bxc4 b5 11. Bd3 Bb7 12. O-O a6 13. a4 b4 14. Bxf6 Nxf6 15.
Ne4 Nd7 16. Qe2 Qb6 17. Nfd2 c5 18. a5 Qa7 19. dxc5 Nxc5 20. Nxc5 Bxc5 21. Ne4
Rfc8 22. Rc4 Bd5 23. Rxc5 Rxc5 24. Nxc5 Qxc5 25. Bxa6 Qxa5 26. Bc4 Bb7 27. f3
Qe5 28. Rd1 Bc6 29. h3 g6 30. Qd2 Qg5 31. Kh2 h5 32. Qd6 Be8 33. Qf4 Qc5 34. b3
Qe7 35. Qd6 Kf8 36. Qe5 Kg8 37. Rd6 Rd8 38. Rxd8 Qxd8 39. Qc5 Qb8+ 40. f4 Qb7
41. Qg5 Bc6 42. f5 Qc7+ 43. Kg1 Qe5 44. Qd8+ Kg7 45. fxe6 Qxe3+ 46. Kh2 Qe5+ 47.
Kg1 Qe4 48. Bf1 fxe6 49. Qe7+ Kh6 50. Qf8+ Kg5 51. Qe7+ Kf4 52. Qd6+ Ke3 53. Qd1
Qd4 54. Qe1+ Kf4+ 55. Kh2 Be4 56. Bc4 Kf5 57. Qh4 Qd6+ 58. Kg1 Qc5+ 59. Kh2 Bd5
60. Bd3+ Ke5 61. Qg3+ Kf6 62. Qxg6+ Ke7 63. Qg5+ Kd7 64. Qxh5 Qd6+ 65. Kg1 Bxb3
66. Qb5+ Ke7 67. Qg5+ Kd7 68. Qb5+ Kc7 69. Qa5+ Qb6+ 70. Qxb6+ Kxb6 71. h4 Bd1
72. Bg6 b3 73. h5 Bc2 74. Kf2 Kc5 75. Ke2 Bxg6 76. hxg6 b2 77. g7 b1=Q 78. g8=Q
Qc2+ 79. Kf1 Qd1+ 80. Kf2 Qd4+ 81. Kf1 Qf4+ 82. Kg1 e5 83. Qc8+ Kd4 84. Qd7+ Ke3
85. Qa7+ Qd4 86. Qa2 Qd1+ 87. Kh2 e4 88. Qa7+ Ke2 89. Qa2+ Ke1 90. Qa5+ Qd2 91.
Qa1+ Kf2 92. Qf6+ Ke2 93. Qa6+ Ke3 94. Qh6+ Ke2 95. Qa6+ Qd3 96. Qa2+ Ke3 97.
Qa7+ Qd4 98. Qa3+ Kf4 99. Qg3+ Kf5 100. Qh3+ Kg6 101. Qg4+ Kf6 102. Qf4+ Ke6
103. Qg4+ Kd6 104. Qf4+ Kc6 105. g4 Qd3 106. Qf6+ Kc5 107. Qf5+ Kb4 108. g5 Qd2+
109. Kg3 e3 110. Qe4+ Kc3 111. Qc6+ Kb2 112. Qb6+ Kc1 113. Qc6+ Qc2 114. Qh1+
Kd2 115. Qd5+ Qd3 116. Qa2+ Ke1 117. Qa1+ Ke2 118. Qa2+ Qd2 119. Qa6+ Ke1 120.
g6 Qc3 121. Kg2 e2 122. Qa7 Qc6+ 123. Kh2 Qd6+ 124. Kh3 Qe6+ 125. Kh2 Qe5+ 126.
Kg2 Qe4+ 127. Kg3 Qxg6+ 128. Kf3 Qf5+ 129. Kg3 Kf1 130. Qa6 Qe5+ 131. Kf3 Qc3+
132. Kg4 Qe3 133. Qb5 Kg1 0-1

[Event "Tata Steel IND Blitz Open"]
[Site "Kolkata IND"]
[Date "2023.09.08"]
[Round "3.5"]
[White "Praggnanandhaa, R"]
[Black "Keymer, Vincent"]
[Result "1-0"]
[WhiteTitle "GM"]
[BlackTitle "GM"]
[WhiteElo "2727"]
[BlackElo "2717"]
[WhiteFideId "25059530"]
[BlackFideId "12940690"]
[EventDate "2023.09.08"]

1. e4 c6 2. d4 d5 3. exd5 cxd5 4. Bd3 Nf6 5. Nf3 Nc6 6. c3 Bg4 7. h3 Bh5 8. Bf4
e6 9. Nbd2 Bd6 10. Bxd6 Qxd6 11. O-O O-O 12. Re1 Qc7 13. a4 a6 14. Re3 Rab8 15.
Qf1 Bg6 16. Bxg6 hxg6 17. Qd3 Rfc8 18. Nb3 Nd7 19. Ng5 Qf4 20. Rg3 b5 21. Rg4
Qf5 22. Qg3 Nf6 23. Rf4 Qc2 24. Nc5 Nh5 25. Qh4 Nxf4 26. Qxf4 f6 27. Ngxe6 bxa4
28. Nxa4 Qf5 29. Qd6 g5 30. Qd7 Qg6 31. Nb6 Qf7 32. Qxf7+ Kxf7 33. Nxc8 Kxe6 34.
Na7 Nxa7 35. Rxa6+ Kf5 36. Rxa7 Rxb2 37. Rxg7 Rc2 38. Rc7 Ke4 39. Re7+ Kd3 40.
Re3+ Kc4 41. g3 f5 42. h4 g4 43. Kg2 Ra2 44. Re5 Ra5 45. Rxf5 Kxc3 46. Rf4 1-0

[Event "Tata Steel IND Blitz Open"]
[Site "Kolkata IND"]
[Date "2023.09.08"]
[Round "4.1"]
[White "Abdusattorov, Nodirbek"]
[Black "Praggnanandhaa, R"]
[Result "0-1"]
[WhiteTitle "GM"]
[BlackTitle "GM"]
[WhiteElo "2716"]
[BlackElo "2727"]
[WhiteFideId "14204118"]
[BlackFideId "25059530"]
[EventDate "2023.09.08"]

1. d4 Nf6 2. c4 e6 3. Nf3 Bb4+ 4. Bd2 Qe7 5. g3 Bxd2+ 6. Qxd2 Nc6 7. Nc3 d5 8.
Bg2 dxc4 9. O-O O-O 10. e3 Rb8 11. a4 a6 12. a5 b5 13. axb6 cxb6 14. Ne5 Nxe5
15. dxe5 Nd7 16. Qd4 b5 17. Ne4 Bb7 18. Nd6 Bxg2 19. Kxg2 Rb6 20. Rfd1 Rc6 21.
Nxb5 Nxe5 22. Qxe5 Rc5 23. Qd6 Qb7+ 24. Kg1 Rc6 25. Qd8 Qxb5 26. Qe7 Rcc8 27.
Rd2 Rfe8 28. Qd6 a5 29. Qd7 Qb4 30. Ra4 Qb6 31. Rxc4 Rcd8 32. Qa4 g6 33. Rcc2
Kg7 34. h4 h5 35. Qe4 Qb5 36. Qf4 Rxd2 37. Rxd2 Rc8 38. Kh2 Rc4 39. Qf3 Rc1 40.
Qe4 Rc4 41. Qf3 Rc1 42. Qe4 Qf1 43. Qe5+ Kh7 44. Qe4 Qe1 45. Qf3 Kg7 46. Re2 Qd1
47. e4 Rc2 48. Re3 Qxf3 49. Rxf3 Rxb2 50. Kg2 Rb4 51. e5 Rb5 52. Re3 a4 53. Ra3
Rb4 54. f4 Kf8 55. Rc3 Rb8 56. Ra3 Rb2+ 57. Kf1 Rb3 58. Rxa4 Rxg3 59. Kf2 Rg4
60. Rb4 Rxh4 61. Kg2 Kg7 62. Kg3 Rg4+ 63. Kf3 g5 0-1

[Event "Tata Steel IND Blitz Open"]
[Site "Kolkata IND"]
[Date "2023.09.08"]
[Round "4.2"]
[White "Harikrishna, Pentala"]
[Black "Radjabov, Teimour"]
[Result "1/2-1/2"]
[WhiteTitle "GM"]
[BlackTitle "GM"]
[WhiteElo "2711"]
[BlackElo "2745"]
[WhiteFideId "5007003"]
[BlackFideId "13400924"]
[EventDate "2023.09.08"]

1. d4 Nf6 2. Nf3 e6 3. e3 g6 4. Bd3 Bg7 5. O-O d6 6. e4 Nbd7 7. c3 O-O 8. Re1 b6
9. Nbd2 Bb7 10. Nf1 c5 11. Ng3 e5 12. dxe5 Nxe5 13. Nxe5 dxe5 14. Qe2 h5 15. Bg5
Qc7 16. h3 Nh7 17. Be3 Rfe8 18. Rad1 Nf8 19. Bc4 Ne6 20. Rd2 Nf4 21. Qf3 Rad8
22. Red1 Rxd2 23. Rxd2 Bc6 24. Ne2 Bh6 25. Kh2 Kg7 26. g3 Nxe2 27. Bxh6+ Kxh6
28. Qxe2 Kg7 29. h4 Rd8 30. f3 Rd6 31. Rxd6 Qxd6 32. Qd3 Qxd3 1/2-1/2

[Event "Tata Steel IND Blitz Open"]
[Site "Kolkata IND"]
[Date "2023.09.08"]
[Round "4.4"]
[White "Vachier-Lagrave, Maxime"]
[Black "Keymer, Vincent"]
[Result "1-0"]
[WhiteTitle "GM"]
[BlackTitle "GM"]
[WhiteElo "2727"]
[BlackElo "2717"]
[WhiteFideId "623539"]
[BlackFideId "12940690"]
[EventDate "2023.09.08"]

1. d4 Nf6 2. c4 e6 3. g3 Bb4+ 4. Bd2 Be7 5. Bg2 d5 6. Nf3 O-O 7. O-O c6 8. Qc2
Nbd7 9. Bf4 a5 10. Nbd2 Nh5 11. Be3 b6 12. Ne1 Ba6 13. Nd3 Nhf6 14. h3 Rc8 15.
b3 c5 16. Qb2 h6 17. Rac1 Re8 18. Rfd1 Bd6 19. Nf3 Qe7 20. Nde5 cxd4 21. Qxd4
Ba3 22. Rc2 Bc5 23. Qd3 Red8 24. Bxc5 Nxc5 25. Qe3 dxc4 26. Nd4 cxb3 27. axb3
Bb7 28. Bxb7 Qxb7 29. Rdc1 Qe4 30. Qxe4 Nfxe4 31. Ndc6 Re8 32. b4 axb4 33. Nxb4
Ra8 34. Kg2 Ra4 35. Rb2 Nf6 36. Nc4 Ncd7 37. Nd6 Rea8 38. Rc7 R4a7 39. Rbc2 Rxc7
40. Rxc7 g5 41. Nc6 Kf8 42. e4 Ra4 43. e5 Nxe5 44. Nxe5 1-0

[Event "Tata Steel IND Blitz Open"]
[Site "Kolkata IND"]
[Date "2023.09.08"]
[Round "4.5"]
[White "Vidit, Santosh Gujrathi"]
[Black "Gukesh, D"]
[Result "1/2-1/2"]
[WhiteTitle "GM"]
[BlackTitle "GM"]
[WhiteElo "2716"]
[BlackElo "2758"]
[WhiteFideId "5029465"]
[BlackFideId "46616543"]
[EventDate "2023.09.08"]

1. d4 Nf6 2. c4 e6 3. Nc3 Bb4 4. e3 O-O 5. Bd3 d5 6. Nf3 dxc4 7. Bxc4 c5 8. O-O
cxd4 9. exd4 b6 10. Bg5 Bb7 11. Qe2 Bxc3 12. bxc3 Nbd7 13. Rac1 Qc7 14. Nd2 Rfe8
15. Rfe1 Rac8 16. f3 h6 17. Bh4 Nh5 18. Qe3 e5 19. Bb5 Bc6 20. Bf1 Nhf6 21. Bxf6
Nxf6 22. dxe5 Nd5 23. Qd4 Ne7 24. Nc4 Red8 25. Qf4 Ng6 26. Qe3 Rd5 27. f4 Re8
28. Rcd1 Rc5 29. Nd6 Re7 30. c4 Ba4 31. Rd2 Bd7 32. Qg3 Ra5 33. Kh1 Qc5 34. Red1
Ra3 35. Ne4 Qb4 36. Qf2 Bc6 37. Nd6 Qc5 38. Qxc5 bxc5 39. Rf2 Nf8 40. Nf5 Rb7
41. Kg1 Ne6 42. g3 Kf8 43. Bg2 Bxg2 44. Kxg2 g6 45. Nxh6 Rc3 46. Ng4 Rxc4 47.
Nf6 Rd4 48. Rc1 c4 49. Rfc2 Rc7 50. Rb1 Rc8 51. Kf2 g5 52. f5 Nc5 53. Ke3 Rd3+
54. Ke2 Rd4 55. g4 Nd3 56. Rd1 Rcd8 57. Kf1 Nxe5 58. Rxd4 Rxd4 59. h3 Ke7 60.
Nh5 Kd6 61. Ke2 Rd3 62. Rxc4 Rxh3 63. Ra4 Nxg4 64. Ng7 Ne5 65. Rxa7 g4 66. Ra6+
Kd5 67. Ne8 Ke4 68. Nd6+ Kf4 69. Ra4+ Kg5 70. Re4 f6 71. a4 Ra3 72. Kf2 Kh4 73.
Ne8 Kg5 74. Nd6 Rd3 75. Nb5 Kxf5 76. Rb4 Rd2+ 77. Ke3 Ra2 78. Nd4+ Kg5 79. Ne6+
Kh4 80. Rf4 Ra3+ 81. Ke2 Kh3 82. Rxf6 Rxa4 83. Ng5+ Kg2 84. Rf5 Ra2+ 85. Ke3 Nf3
86. Ne4 Ra3+ 87. Kf4 Nh2 88. Rd5 Rf3+ 89. Kg5 Re3 90. Kf4 Rf3+ 91. Kg5 Kh3 92.
Rd2 Re3 93. Nf2+ Kg3 94. Nh1+ Kh3 95. Nf2+ Kg3 96. Nh1+ 1/2-1/2

[Event "Tata Steel IND Blitz Open"]
[Site "Kolkata IND"]
[Date "2023.09.08"]
[Round "5.1"]
[White "Gukesh, D"]
[Black "Vachier-Lagrave, Maxime"]
[Result "1-0"]
[WhiteTitle "GM"]
[BlackTitle "GM"]
[WhiteElo "2758"]
[BlackElo "2727"]
[WhiteFideId "46616543"]
[BlackFideId "623539"]
[EventDate "2023.09.08"]

1. d4 Nf6 2. c4 e6 3. Nf3 d5 4. Nc3 Nbd7 5. cxd5 exd5 6. Bf4 Bb4 7. e3 Ne4 8.
Qc2 g5 9. Bg3 Nb6 10. Bd3 Bf5 11. Nd2 Qe7 12. a3 Bxc3 13. bxc3 h5 14. Bxe4 dxe4
15. h4 O-O-O 16. c4 Bg6 17. a4 Rxd4 18. a5 Rhd8 19. axb6 Rxd2 20. bxa7 Rxc2 21.
a8=Q+ Kd7 22. Qa4+ Ke6 23. Qxc2 Qb4+ 24. Ke2 1-0